| 000 | 01137nam0a2200301 4500 | ||
|---|---|---|---|
| 001 | RU\NLR\b_ik\201151 | ||
| 005 | 20260408101040.0 | ||
| 035 | _a(NLR Aleph) 009996959 | ||
| 090 |
_a9768163 _c9768163 |
||
| 100 | _a20130410d1994 |||y0rusy50 ca | ||
| 101 | 0 | _aeng | |
| 102 | _aRU | ||
| 105 | _ay ||||||||| | ||
| 200 | 1 |
_aCulture collection of fungi _fAll-Russia research inst. for agricultural microbiology (ARRIAM) _g[curator Kochetkov V.V.] |
|
| 210 |
_aSaint-Petersburg _c[s.n.] _d1994 |
||
| 215 |
_a30 c. _d28 |
||
| 316 |
_aС автогр. сост. _5NLR |
||
| 541 | 0 |
_aКоллекция фитопатогенных грибов в культуре . _zrus |
|
| 606 | 1 |
_aФитопатогенные грибы _jКаталоги _xКоллекции _92145975 _3RU\NLR\auth\661597536 |
|
| 686 | _aП478.1я26 | ||
| 702 | 1 |
_aKočetkov _bV. V. _4220 |
|
| 712 | 0 | 2 |
_4570 _8eng _aAll-Russia research institute for agricultural mikrobiology _cSaint Petersburg _7ba _3RU\NLR\AUTH\8810239632 _9365002 |
| 801 | 0 |
_aRU _bNLR _c20130410 _gRCR |
|
| 801 | 1 |
_aRU _bNLR _c20130410 |
|
| 942 | _cBOOK | ||
| 980 | _aNB | ||